Evangelism a way of life: 12 studies for individuals or groups/

সংরক্ষণ করুন:
গ্রন্থ-পঞ্জীর বিবরন
প্রধান লেখক: Pippert, Rebecca, Siemens, Ruth (লেখক)
বিন্যাস: গ্রন্থ
ভাষা:ইংরেজি
প্রকাশিত: Illinois: InterVarsity Press, 1985.
বিষয়গুলি:
ট্যাগগুলো: ট্যাগ যুক্ত করুন
কোনো ট্যাগ নেই, প্রথমজন হিসাবে ট্যাগ করুন!

MARC

LEADER 00000nam a22000007a 4500
003 KE-NaDUL
005 20230214130056.0
008 230214b |||||||| |||| 00| 0 eng d
020 |a 0830810501 
040 |a DUL  |c DUL  |d Pmahero 
050 |a BV3795.P57 1985 
100 |a Pippert, Rebecca  |9 114318 
245 |a Evangelism a way of life:  |b 12 studies for individuals or groups/  |c by Rebecca Pippert & Ruth Siemens 
260 |a Illinois:  |b InterVarsity Press,  |c 1985. 
300 |a 75 p. 
650 |a Evangelistic work  |9 114319 
700 |a Siemens, Ruth  |e Author  |9 114320 
942 |2 lcc  |c REF  |h BV3795  |i .P57   |m 1985  |n 1  |6 BV3795 P57 
952 |0 0  |1 0  |2 lcc  |4 0  |6 BV3795 P57 01985  |7 1  |8 REF  |9 132113  |a CUI  |b CUI  |c CUI  |d 2023-02-14  |l 0  |o BV3795.P57 1985  |p CUI01273  |r 2023-02-14 00:00:00  |w 2023-02-14  |x 01273  |y REF 
999 |c 216751  |d 216750